Catálogo
 En Linea

Conmemoración del 163 aniversario del natalicio del General Gregorio Luperón (1839-2002) / (Registro nro. 27500)

Detalles MARC
000 -CABECERA
campo de control de longitud fija 00765nam a2200229 a 4500
001 - NÚMERO DE CONTROL
campo de control 000028008
003 - IDENTIFICADOR DEL NÚMERO DE CONTROL
campo de control DO-SdBNP
005 - FECHA Y HORA DE LA ÚLTIMA TRANSACCIÓN
campo de control 20210901095633.0
008 - DATOS DE LONGITUD FIJA--INFORMACIÓN GENERAL
campo de control de longitud fija 110406s2002 dr 000 0 spa d
040 ## - FUENTE DE LA CATALOGACIÓN
Centro catalogador/agencia de origen DO-SdBNP
Lengua de catalogación spa
Centro/agencia transcriptor BNPHU
082 ## - NÚMERO DE LA CLASIFICACIÓN DECIMAL DEWEY
Número de clasificación 972.9304
Número de documento/Ítem L965c
100 1# - ENTRADA PRINCIPAL--NOMBRE DE PERSONA
Nombre de persona Stamers, Yrma
9 (RLIN) 55053
245 10 - MENCIÓN DE TÍTULO
Título Conmemoración del 163 aniversario del natalicio del General Gregorio Luperón (1839-2002) /
Mención de responsabilidad, etc. Yrma Stamers.
260 ## - PUBLICACIÓN, DISTRIBUCIÓN, ETC.
Lugar de publicación, distribución, etc. Santo Domingo :
Nombre del editor, distribuidor, etc. Secretaría de Estado de Educación
-- Dirección General de Cultura,
Fecha de publicación, distribución, etc. [2002].
300 ## - DESCRIPCIÓN FÍSICA
Extensión 14 p. ;
Dimensiones 22 cm.
504 ## - NOTA DE BIBLIOGRAFÍA, ETC.
Nota de bibliografía, etc. Bibliografía : p. 13
590 ## - NOTA LOCAL (RLIN)
Nota local Inventariado, 2021 / DG
650 4# - PUNTO DE ACCESO ADICIONAL DE MATERIA--TÉRMINO DE MATERIA
Término de materia o nombre geográfico como elemento de entrada Luperón, Gregorio
Subdivisión cronológica 1839-1897
9 (RLIN) 79682
700 1# - PUNTO DE ACCESO ADICIONAL--NOMBRE DE PERSONA
Nombre de persona Yrma Stamers
9 (RLIN) 55054
910 ## - DATOS DE OPCIÓN DEL USUARIO (OCLC)
Datos de opción del usuario D/G
942 ## - ELEMENTOS DE PUNTO DE ACCESO ADICIONAL (KOHA)
Fuente del sistema de clasificación o colocación Dewey Decimal Classification
Tipo de ítem Koha Libro
Existencias
Estado de retiro Estado de pérdida No para préstamo Código de colección Localización permanente Ubicación/localización actual Ubicación en estantería Fecha de adquisición Número de inventario Total de préstamos Signatura topográfica completa Código de barras Fecha visto por última vez Precio válido a partir de Tipo de ítem Koha Fuente del sistema de clasificación o colocación Restricciones de uso Número de copia
    Excluido de préstamo Patrimonio Dominicano Patrimonio Dominicano Patrimonio Dominicano Depósito 06.04.2011 LF1   28008-10 25.06.2020 25.06.2020 Libro y Folleto Colección Patrimonio Dominicano      
      Patrimonio Dominicano Patrimonio Dominicano Patrimonio Dominicano Depósito 14.04.2011     BNPHU PD 972.9304 L965c 28008-20 25.06.2020 25.06.2020 Libro y Folleto Colección Patrimonio Dominicano Dewey Decimal Classification Excluido de préstamo e. 2

Con tecnología Koha